| 000 | 00401nam a22001697a 4500 | ||
|---|---|---|---|
| 005 | 20180613162317.0 | ||
| 008 | 160511b xxu||||| |||| 00| 0 eng d | ||
| 020 | _a81-259-1439-0 | ||
| 041 | _aeng | ||
| 082 |
_b1275 _a657.42 |
||
| 100 |
_aArora M N _94362 |
||
| 245 | _aA text book of cost Accounting | ||
| 260 |
_bUSB Publication _c2004 |
||
| 300 | _a1069 | ||
| 650 |
_aManagement _9241 |
||
| 942 | _cBK | ||
| 999 |
_c543 _d543 |
||